Animal ecology and distribution of animals (Record no. 395171)

MARC details
000 -LEADER
fixed length control field 00537 a2200193 4500
005 - DATE & TIME
control field 20260226110152.0
008 - FIXED-LENGTH DATA ELEMENTS--GENERAL INFORMATION
fixed length control field 260226b |||||||| |||| 00| 0 eng d
020 ## - ISBN
International Standard Book Number 9789393168504
Price Rs. 495.00
040 ## - CATALOGING SOURCE
Original cataloging agency VIVEKANANDA LIBRARY
082 ## - DDC NUMBER
Classification number 591.7
Book Number R186A
100 ## - MAIN ENTRY--PERSONAL NAME
Personal name Rastogi, Veer Bala
245 ## - TITLE STATEMENT
Title Animal ecology and distribution of animals
260 ## - PUBLICATION, DISTRIBUTION, ETC. (IMPRINT)
Name of publisher, distributor, etc Medtech Science Press
Date of publication, distribution, etc 2023
Place of publication, distribution, etc New Delhi
300 ## - PHYSICAL DESCRIPTION
Pages x, 557
650 ## - Subject
Subject Animals- Geographical Distribution
650 ## - Subject
Subject Zoogeography
650 ## - Subject
Subject Habitat (Ecology)
942 ## - ADDED ENTRY ELEMENTS (KOHA)
Koha item type Books
Holdings
Withdrawn status Lost status Source of classification or shelving scheme Damaged status Not for loan Location (home branch) Sublocation or collection (holding branch) Shelving location Date acquired Koha issues (times borrowed) Koha full call number Accession No. Koha date last seen Koha item type
    Dewey Decimal Classification     VIVEKANANDA LIBRARY VIVEKANANDA LIBRARY Vivekananda Library 18/02/2026   591.7 R186A 438428 18/02/2026 Books
    Dewey Decimal Classification     VIVEKANANDA LIBRARY VIVEKANANDA LIBRARY Vivekananda Library 18/02/2026   591.7 R186A 438427 18/02/2026 Books
© Designed and Maintained by Vivekananda Library, MDU Rohtak